| 000 -LEADER |
| fixed length control field |
02328cam a22003498i 4500 |
| 001 - CONTROL NUMBER |
| control field |
21902050 |
| 005 - DATE AND TIME OF LATEST TRANSACTION |
| control field |
20240814132224.0 |
| 008 - FIXED-LENGTH DATA ELEMENTS--GENERAL INFORMATION |
| fixed length control field |
210212s2021 nyu b 001 0 eng |
| 010 ## - LIBRARY OF CONGRESS CONTROL NUMBER |
| LC control number |
2021006884 |
| 020 ## - INTERNATIONAL STANDARD BOOK NUMBER |
| International Standard Book Number |
9780367442118 |
| 020 ## - INTERNATIONAL STANDARD BOOK NUMBER |
| International Standard Book Number |
9781032042947 |
| 020 ## - INTERNATIONAL STANDARD BOOK NUMBER |
| Canceled/invalid ISBN |
9781003008354 |
| 040 ## - CATALOGING SOURCE |
| Original cataloging agency |
DLC |
| Language of cataloging |
eng |
| Description conventions |
rda |
| Transcribing agency |
DLC |
| 042 ## - AUTHENTICATION CODE |
| Authentication code |
pcc |
| 050 00 - LIBRARY OF CONGRESS CALL NUMBER |
| Classification number |
PN 56.B87 2023 |
| 082 00 - DEWEY DECIMAL CLASSIFICATION NUMBER |
| Classification number |
809/.93355 |
| Edition number |
23 |
| 100 ## - MAIN ENTRY--PERSONAL NAME |
| Personal name |
Burnett, Katharine A. |
| 245 04 - TITLE STATEMENT |
| Title |
The Routledge companion to literature of the U.S South / |
| 263 ## - PROJECTED PUBLICATION DATE |
| Projected publication date |
2108 |
| 300 ## - PHYSICAL DESCRIPTION |
| Extent |
volumes cm. |
| 490 0# - SERIES STATEMENT |
| Series statement |
Routledge literature companions |
| 504 ## - BIBLIOGRAPHY, ETC. NOTE |
| Bibliography, etc |
Includes bibliographical references and index. |
| 520 ## - SUMMARY, ETC. |
| Summary, etc. |
"The Routledge Companion to Literature and Class offers a comprehensive and fresh assessment of the cultural impact of class in literature, analyzing various innovative, interdisciplinary approaches of textual analysis and intersections of literature, including class subjectivities, mental health, gender and queer studies, critical race theory, quantitative and scientific methods, and transnational perspectives in literary analysis. Utilizing these new methods and interdisciplinary maps from field-defining essayists, students will become aware of ways to bring these elusive texts into their own writing as one of the parallel perspectives through which to view literature. This volume will provide students with an insight into the history of the intersections of class, theory of class and invisibility in literature, and new trends in exploring class in literature. These multidimensional approaches to literature will be a crucial resource for undergraduate and graduate students in becoming familiar with class analysis, and offers seasoned scholars the most significant critical approaches in class studies"-- |
| 650 #0 - SUBJECT ADDED ENTRY--TOPICAL TERM |
| Topical term or geographic name as entry element |
Social classes in literature. |
| 650 #0 - SUBJECT ADDED ENTRY--TOPICAL TERM |
| Topical term or geographic name as entry element |
Class consciousness in literature. |
| 650 #0 - SUBJECT ADDED ENTRY--TOPICAL TERM |
| Topical term or geographic name as entry element |
Literature and society. |
| 700 1# - ADDED ENTRY--PERSONAL NAME |
| Personal name |
McMillan, Gloria |
| Titles and other words associated with a name |
(Professor), |
| Relator term |
editor. |
| 776 08 - ADDITIONAL PHYSICAL FORM ENTRY |
| Relationship information |
Online version: |
| Title |
The Routledge companion to literature and class |
| Place, publisher, and date of publication |
New York, NY : Routledge, 2021. |
| International Standard Book Number |
9781003008354 |
| Record control number |
(DLC) 2021006885 |
| 906 ## - LOCAL DATA ELEMENT F, LDF (RLIN) |
| a |
7 |
| b |
cbc |
| c |
orignew |
| d |
1 |
| e |
ecip |
| f |
20 |
| g |
y-gencatlg |
| 942 ## - ADDED ENTRY ELEMENTS (KOHA) |
| Source of classification or shelving scheme |
|
| Koha item type |
Hard Covered Materials |
| Classification part |
PN 56.B87 2023 |